Rescatando al soldado Ryan
Segunda Guerra Mundial, 1944. Tras el desembarco de los Aliados en Normandía, a un grupo de soldados americanos se le encomienda una peligrosa misión: poner a salvo al soldado James Ryan. Los hombres de la patrulla del capitán John Miller deben arriesgar sus vidas para encontrar a este soldado, cuyo...
Guardado en:
| Autor Principal: | |
|---|---|
| Autor Corporativo: | |
| Otros Autores: | , , , |
| Formato: | |
| Idioma: | Undetermined |
| Publicado: |
Estados Unidos :
DreamWorks,
1998.
|
| Materias: | |
| Etiquetas: |
Agregar Etiqueta
Sin Etiquetas, Sea el primero en etiquetar este registro!
|
| LEADER | 01383ngm a22002535a 4500 | ||
|---|---|---|---|
| 001 | CEM.cems020504 | ||
| 008 | 230928s1998####xx#---############vlund#d | ||
| 005 | 20230928193213.0 | ||
| 245 | 1 | 0 | |a Rescatando al soldado Ryan |h [videograbación] / |c Steven Spielberg. |
| 260 | |a Estados Unidos : |b DreamWorks, |c 1998. | ||
| 300 | |a 170'. | ||
| 520 | |a Segunda Guerra Mundial, 1944. Tras el desembarco de los Aliados en Normandía, a un grupo de soldados americanos se le encomienda una peligrosa misión: poner a salvo al soldado James Ryan. Los hombres de la patrulla del capitán John Miller deben arriesgar sus vidas para encontrar a este soldado, cuyos tres hermanos han muerto en la guerra. Lo único que se sabe del soldado Ryan es que se lanzó con su escuadrón de paracaidistas detrás de las líneas enemigas | ||
| 590 | |a Identificación anterior: 193 | ||
| 538 | |a Soporte: DVD -- Formato: AVI Peso:1.06gb -- Resolución: 720 x 360 -- 29.97fps | ||
| 500 | |a Título original: Saving Private Ryan Idioma: Inglés Subtítulos: Español. | ||
| 100 | 1 | |a Spielberg, Steven. | |
| 700 | 1 | |a Hanks, Tom; Reparto. | |
| 700 | 1 | |a Sizemore, Tom; Reparto. | |
| 700 | 1 | |a Burns, Edward; Reparto. | |
| 700 | 1 | |a Damon, Matt; Reparto. | |
| 710 | 2 | |a DreamWorks. | |
| 653 | |a LARGOMETRAJE | ||
| 653 | |a FICCIÓ | ||
| 859 | |a CEMS |b BIB. CEMS - Depto. Recursos Didacticos |h 778.5 |i SPI |k DRD |p 3138.23 |t Ej.1 | ||
